|
|
|
|
| LEADER |
00940nab a2200217 i 4500 |
| 001 |
acta62455 |
| 005 |
20260224081030.0 |
| 008 |
191118s2012 hu o 000 hun d |
| 020 |
|
|
|a 978 963 306 161 9
|
| 040 |
|
|
|a SZTE Egyetemi Kiadványok Repozitórium
|b hun
|
| 041 |
|
|
|a hun
|
| 100 |
1 |
|
|a Rakonczai János
|
| 245 |
1 |
0 |
|a Indicators of climate change in the landscape
|h [elektronikus dokumentum] :
|b investigation of the soil - groundwater – vegetation connection system in the Great Hungarian Plain /
|c Rakonczai János
|
| 260 |
|
|
|c 2012
|
| 300 |
|
|
|a 41-58
|
| 490 |
0 |
|
|a Review of climate change research program at the University of Szeged (2010–2012)
|
| 695 |
|
|
|a Éghajlati változás, Éghajlatváltozás
|
| 700 |
0 |
1 |
|a Ladányi Zsuzsanna
|e aut
|
| 700 |
0 |
1 |
|a Deák Áron József
|e aut
|
| 700 |
0 |
1 |
|a Fehér Zsolt
|e aut
|
| 856 |
4 |
0 |
|u http://acta.bibl.u-szeged.hu/62455/1/review_of_climate_change_research_program_041-058.pdf
|z Dokumentum-elérés
|